Links with the past (Record no. 82555)

MARC details
000 -LEADER
fixed length control field 00865cab a22002055a 4500
001 - CONTROL NUMBER
control field E150548
008 - FIXED-LENGTH DATA ELEMENTS--GENERAL INFORMATION
fixed length control field 100726s2010 xxko 000 0 eng d
035 ## - SYSTEM CONTROL NUMBER
System control number (Sirsi) u150548
041 0# - LANGUAGE CODE
Language code of text/sound track or separate title eng
100 1# - MAIN ENTRY--PERSONAL NAME
Personal name McKie, Alastair
245 00 - TITLE STATEMENT
Title Links with the past
260 ## - PUBLICATION, DISTRIBUTION, ETC.
Date of publication, distribution, etc. 2010
490 ## - SERIES STATEMENT
Series statement Journal of the Law Society of Scotland
Volume/sequential designation 55(7) July 2010, 43(1)
520 ## - SUMMARY, ETC.
Summary, etc. Discusses the current Historic Environment (Amendment) (Scotland) Bill 2010, which is of interest to those involved in property developments affecting ancient monuments, listed buildings, or buildings which may be listed in the future. (See E149939 for the Bill itself).
590 ## - LOCAL NOTE (RLIN)
Local note KA
650 24 - SUBJECT ADDED ENTRY--TOPICAL TERM
Topical term or geographic name entry element HISTORIC ENVIRONMENT (AMENDMENT) (SCOTLAND) BILL 2010
651 #4 - SUBJECT ADDED ENTRY--GEOGRAPHIC NAME
Geographic name Scotland
Chronological subdivision 1999-
690 ## - LOCAL SUBJECT ADDED ENTRY--TOPICAL TERM (OCLC, RLIN)
Topical term or geographic name as entry element BUILT ENVIRONMENT-BUILDING TYPES-ANCIENT MONUMENTS AND HISTORIC BUILDINGS
942 ## - ADDED ENTRY ELEMENTS (KOHA)
Suppress in OPAC 0
Holdings
Withdrawn status Lost status Source of classification or shelving scheme Damaged status Not for loan Home library Current library Shelving location Date acquired Total Checkouts Full call number Barcode Date last seen Copy number Price effective from Koha item type
    Dewey Decimal Classification     Virtual Virtual Journal article 26/07/2010   E150548 150548-2001 06/08/2019 1 06/08/2019 Journal article